ロード中...

Oru cherupunchiri /

書誌詳細
第一著者: Vasudevan Nair, M T
フォーマット: Printed Book
言語:Malayalam
出版事項: Kottayam : D.C. Books , 2001.
主題:
LEADER 00568nam a2200169Ia 4500
008 150624b xxu||||| |||| 00| f mal d
999 |c 84306  |d 84306 
020 |a 8126403187 
082 |a 853.31 
100 |a Vasudevan Nair, M T 
245 |c M T Vasudevan Nair  |a Oru cherupunchiri / 
260 |a Kottayam :  |b D.C. Books ,  |c 2001. 
300 |a 104 p.  |c 21cm. 
546 |a In Malayalam. 
650 |v Malayalam fiction 
942 |c BK 
952 |0 0  |1 0  |4 0  |6 853_310000000000000_ORU_M  |7 0  |9 84250  |a UL  |b UL  |c ST1  |d 2003-04-03  |e CB   |l 33  |m 4  |o 853.31 ORU M  |p 76416  |r 2021-12-06  |s 2021-10-29  |v 45.00  |y BK